Guess The Horror Movie From The Main Antagonist: Hard #2 - Statistics

General Stats
  • This quiz has been taken 20 times
  • The average score is 5 of 30
Answer Stats
Main Antagonist Horror Movie % Correct
Annie Wilkes Misery
79%
Rose the Hat Doctor Sleep
42%
Death Final Destination
42%
Bughuul Sinister
42%
Black Philip The Witch
37%
John Doe Seven
32%
Red Us
21%
Dr. Wootang Yu Escape Room
16%
Sue Ann Ma
16%
Bee The Babysitter
16%
Thomas Wake The Lighthouse
16%
SCP-096 096
11%
Paul Sarone Anaconda
11%
The Blissfield Butcher Freaky
11%
The Queen Graboid Tremors: Shrieker Island
11%
Deacon Frost Blade
5%
Josef Creep
5%
Sarge Doom
5%
Kandar Evil Dead 2
5%
Nick Goode Fear Street Part Three: 1666
5%
Dr. Channard Hellbound: Hellraiser II
5%
The Man Hush
5%
The Last Engineer Prometheus
5%
William Schenk Spiral: From the Book of Saw
5%
Jack Griffin The Invisible Man (1933)
5%
Stanley The Mandela Catalogue
5%
Big Daddy The Purge: Anarchy
5%
El Chino Tigers are not Afraid
5%
Stem Upgrade
5%
The Thing in the Snow Winter of ‘83
5%
No matching quizzes found
Score Distribution
Percent of People with Each Score
Percentile by Number Answered
Your Score History
You have not taken this quiz